writing Engineers (E-BOOK) (Record no. 213183)

000 -LEADER
fixed length control field 00612 a2200205 4500
003 - CONTROL NUMBER IDENTIFIER
control field Nust
005 - DATE AND TIME OF LATEST TRANSACTION
control field 20170207165829.0
010 ## - LIBRARY OF CONGRESS CONTROL NUMBER
LC control number 96022751
020 ## - INTERNATIONAL STANDARD BOOK NUMBER
International Standard Book Number 0077090276 (pbk. : alk. paper)
040 ## - CATALOGING SOURCE
Transcribing agency Nust
082 00 - DEWEY DECIMAL CLASSIFICATION NUMBER
Classification number 808.0666
100 1# - MAIN ENTRY--PERSONAL NAME
Personal name Van Emden, Joan.
245 10 - TITLE STATEMENT
Title writing Engineers (E-BOOK)
Remainder of title an introduction /
Statement of responsibility, etc. Joan van Emden, Jennifer Easteal.
260 ## - PUBLICATION, DISTRIBUTION, ETC.
Place of publication, distribution, etc. London ;
-- New York :
Name of publisher, distributor, etc. McGraw-Hill,
Date of publication, distribution, etc. c1996.
300 ## - PHYSICAL DESCRIPTION
Extent v, 168 p. :
Other physical details ill. ;
Dimensions 23 cm.
650 #0 - SUBJECT ADDED ENTRY--TOPICAL TERM
Topical term or geographic name entry element Communication of technical information.
650 #0 - SUBJECT ADDED ENTRY--TOPICAL TERM
Topical term or geographic name entry element Public speaking.
650 #0 - SUBJECT ADDED ENTRY--TOPICAL TERM
Topical term or geographic name entry element Technical writing.
700 1# - ADDED ENTRY--PERSONAL NAME
Personal name Easteal, Jennifer.
942 ## - ADDED ENTRY ELEMENTS (KOHA)
Source of classification or shelving scheme
Koha item type Book
Holdings
Withdrawn status Lost status Source of classification or shelving scheme Damaged status Not for loan Collection code Permanent Location Current Location Date acquired Total Checkouts Full call number Barcode Date last seen Price effective from Koha item type
            Military College of Signals (MCS) Military College of Signals (MCS) 12/12/2016   808.0666 EMD MCSEB-3208 12/08/2016 12/12/2016 Book
© 2023 Central Library, National University of Sciences and Technology. All Rights Reserved.